CRC handbook of chemistry and phusics a ready-reference book of chemical and physical data

Guardat en:
Dades bibliogràfiques
Format: Llibre
Idioma:Undetermined
Publicat: Boca Raton CRC 1996
Matèries:
Etiquetes: Afegir etiqueta
Sense etiquetes, Sigues el primer a etiquetar aquest registre!
Thư viện lưu trữ: Trung tâm Học liệu Trường Đại học Cần Thơ
LEADER 00500nam a2200181Ia 4500
001 CTU_14776
008 210402s9999 xx 000 0 und d
020 |b MHO1 
082 |a 540 
082 |b C911 
245 0 |a CRC handbook of chemistry and phusics 
245 2 |b a ready-reference book of chemical and physical data 
260 |a Boca Raton 
260 |b CRC 
260 |c 1996 
650 |a chemistry,physics 
904 |i Minh, 961224 
980 |a Trung tâm Học liệu Trường Đại học Cần Thơ